The developing mind : how relationships and the brain interact to shape who we are

Bibliographic Details
Main Author: Siegel, Daniel J
Format: Book
Language:English
Published: New York : The Guilford Press , 1999
Subjects:

MARC

LEADER 00000cam a2200000 7i4500
001 0000018941
005 20090312.0
008 090311s -uk# eng
020 |a 9781572307407 ,   |c RM120.00 
040 |a INS 
090 0 0 |a BF713   |b S44 1999 
100 1 |a Siegel, Daniel J 
245 1 4 |a The developing mind :   |b how relationships and the brain interact to shape who we are   |c Daniel J.Siegel 
260 |a New York :   |b The Guilford Press ,   |c 1999 
300 |a xvii, 394p. ;   |c 23cm. 
500 |a Includes index 
650 0 |a Brain   |x Physiological aspects 
650 0 |a Development psychology 
650 0 |a Intellect 
650 0 |a Interpersonal relations 
999 |a 0000020619   |b BOOK   |c Open Shelf   |e Default branch